Statistics for Punch-Out!! Boxers

Click here to take the quiz!

General Stats

  • This quiz has been taken 132 times
  • The average score is 21 of 29

Answer Stats

FromAppearancesBoxer% Correct
Paris, FranceArcade, NES, WiiGlass Joe
98%
Hippo Island, South PacificNES, WiiKing Hippo
96%
Istanbul, TurkeyArcade, NES, SNES, WiiBald Bull
95%
The Bronx, USAArcade, NES, SNES, WiiLittle Mac
94%
Bombay/Mumbai, IndiaArcade, NES, WiiGreat Tiger
93%
Moscow, Russia/U.S.S.RArcade, NES, WiiSoda Popinski
93%
Catskill, USANESMike Tyson/Mr. Dream
92%
Philadelphia, USAArcade, NES, SNES, WiiMr. Sandman
92%
Tokyo, JapanNES, WiiPiston Hondo
92%
Hollywood, USAArcade, NES, SNES, WiiSuper Macho Man
88%
Madrid, SpainNES, WiiDon Flamenco
87%
Berlin, GermanyNES, WiiVon Kaiser
87%
Salmon Arm, CanadaArcade, SNES, WiiBear Hugger
86%
Kong IslandWiiDonkey Kong
81%
Brooklyn, USAWiiDisco Kid
79%
Dublin, IrelandSNES, WiiAran Ryan
74%
Napoli/Naples, ItalyArcadePizza Pasta
66%
Paris, FranceSNESGabby Jay
60%
Milan, ItalySNESMad Clown
60%
UnknownSNESNick Bruiser
59%
UnknownSNESRick Bruiser
59%
London, United KingdomSNESNarcis Prince
58%
Havana, CubaArcade, SNESPiston Hurricane
58%
Hong Kong, ChinaArcade, SNESDragon Chan
53%
Mexico City, MexicoSNESMasked Muscle
51%
Kingston, JamaicaSNESBob Charlie
49%
Brooklyn, USAArcadeKid Quick
46%
Beijing, ChinaSNESHoy Quarlow
44%
Osaka, JapanSNESHeike Kagero
36%

Score Distribution

Percentile by Number Answered

Percent of People with Each Score

Your Score History

You have not taken this quiz